Exam view Pro : Go for it: Level 1 & 2 Assessment CD-ROM

Đã lưu trong:
書目詳細資料
主要作者: Nunan, David
格式: 圖書
語言:Undetermined
出版: Boston, MA Thomson/Heinle 2005
主題:
標簽: 添加標簽
沒有標簽, 成為第一個標記此記錄!
Thư viện lưu trữ: Trung tâm Học liệu Trường Đại học Cần Thơ
LEADER 00613nam a2200217Ia 4500
001 CTU_124462
008 210402s9999 xx 000 0 und d
020 |c 680000 
082 |a 428.34 
082 |b N972as 
100 |a Nunan, David 
245 0 |a Exam view Pro : Go for it: Level 1 & 2 
245 0 |b Assessment CD-ROM 
245 0 |c David Nunan and Ivor Williams 
260 |a Boston, MA 
260 |b Thomson/Heinle 
260 |c 2005 
650 |a English language,Listening 
650 |x Study and teaching,Foreign speakers 
904 |i Minh 
980 |a Trung tâm Học liệu Trường Đại học Cần Thơ